[Event "Koop Tjuchem"]
[Site "Groningen"]
[Date "1996.??.??"]
[Round "4"]
[White "Timman, Jan H"]
[Black "Akopian, Vladimir Eduardovic"]
[Result "1-0"]
[WhiteElo "2590"]
[BlackElo "2630"]
[Annotator "Blatny,P"]
[PlyCount "81"]
[EventDate "1996.12.20"]
[EventType "tourn"]
[EventRounds "11"]
[EventCountry "NED"]
[EventCategory "16"]
[SourceTitle "CBM 057"]
[Source "ChessBase"]
[SourceDate "1997.04.01"]
[SourceVersion "1"]
[SourceVersionDate "1997.04.01"]
[SourceQuality "1"]

1. e4 e5 2. Nf3 Nf6 3. Nxe5 d6 4. Nf3 Nxe4 5. d4 d5 6. Bd3 Bd6 7. O-O O-O 8.
Re1 Bf5 9. c4 c6 10. Nc3 Nxc3 11. bxc3 Bxd3 12. Qxd3 dxc4 13. Qxc4 Nd7 14. Qb3
Qc7 15. c4 Rfe8 16. Bb2 h6 17. g3 Qb6 18. Qc2 Qa5 19. Bc3 Qh5 20. Nh4 b5 21.
Qf5 Qxf5 22. Nxf5 Bf8 23. d5 bxc4 24. dxc6 Nb6 25. Rxe8 Rxe8 26. Rd1 Rc8 $4 (
26... g6 $11 {Akopian}) 27. Bxg7 $1 Bxg7 (27... Rxc6 28. Rd8 $1 Rc8 29. Ne7+
$18) 28. Ne7+ Kh7 29. Nxc8 Nxc8 30. Kf1 $18 {_|_} Be5 31. f4 Bd6 32. Rd4 c3 33.
Rc4 Kg6 34. Rxc3 Kf6 35. Ke2 Ke6 36. Re3+ Kd5 37. Re8 Nb6 38. c7 Bxc7 39. Re7
Bd6 40. Rxf7 a6 41. Ra7 1-0

[Event "EU-Cup 15th final"]
[Site "Bugojno"]
[Date "1999.10.31"]
[Round "3"]
[White "Stefansson, Hannes"]
[Black "Sokolov, Ivan"]
[Result "1-0"]
[WhiteElo "2675"]
[BlackElo "2656"]
[Annotator "Blatny,P"]
[PlyCount "87"]
[EventDate "1999.10.29"]
[EventType "team-k.o."]
[EventRounds "3"]
[EventCountry "BIH"]
[SourceTitle "EXT 2020"]
[Source "ChessBase"]
[SourceDate "2019.10.17"]
[SourceVersion "1"]
[SourceVersionDate "2019.10.17"]
[SourceQuality "1"]
[WhiteTeam "Zemun Agrouniverzal"]
[BlackTeam "Sarajevo Bosna"]
[WhiteTeamCountry "SRB"]
[BlackTeamCountry "BIH"]

1. e4 e5 2. Nf3 Nf6 3. Nxe5 d6 4. Nf3 Nxe4 5. d4 d5 6. Bd3 Nc6 7. O-O Be7 8. c4
Nb4 9. Be2 O-O 10. a3 Nc6 11. Qc2 (11. cxd5 Qxd5 12. Nc3 Nxc3 13. bxc3 Bf5 14.
Bf4 (14. c4 Qd6 15. d5 Ne5 16. Nd4 Bd7 17. Rb1 b6 18. Nb5 Bxb5 19. Rxb5 {
1/2-1/2 Hjartarson,J-Jussupow,A/Barcelona 1989/CBM 12 (19)}) 14... Na5 15. Bxc7
Rac8 16. Bxa5 Qxa5 17. c4 Bf6 18. Qb3 Qb6 {1/2-1/2 Svidler,P-Sakaev,K/St
Petersburg 1998/CBM 67 (18)}) 11... Nf6 12. cxd5 Nxd5 13. h3 Bf6 14. Rd1 Re8
15. Nc3 Be6 (15... Bf5 16. Qxf5 Nxc3 17. bxc3 Rxe2 18. Bg5 $16) 16. Bd3 h6 17.
Rb1 (17. Bb5 Qd7 $13) 17... Kh8 (17... Qd7 18. Bh7+ Kh8 19. Be4 Rad8 $15) 18.
Be4 Nce7 19. Ne5 (19. Na4 b6 $11) 19... Rc8 20. Qe2 Kg8 21. Qf3 c6 22. Ng4 Bxg4
23. Qxg4 $36 Kf8 24. Bc2 Nxc3 (24... Qc7 25. Ne4 $11) 25. bxc3 b5 26. a4 Nd5
27. Qf3 (27. axb5 Nxc3 28. Ba3+ Kg8 $17) 27... a6 28. Qd3 Bg5 (28... Qd6 29.
Qh7 Ne7 30. Qh8+ Ng8 31. Bh7 $16) 29. Ba3+ (29. c4 bxc4 30. Ba3+ Be7 31. Bxe7+
Rxe7 32. Qxc4 $14) 29... Be7 (29... Ne7 30. Qh7 b4 31. Bxb4 $18) 30. Bxe7+ Qxe7
31. Qh7 Qf6 (31... Qg5 32. Re1 f5 33. Bxf5 Nf4 $18) 32. Bf5 $1 g5 (32... Nxc3
33. Qh8+ Ke7 34. Re1+ Kd6 35. Rxe8 Ne2+ 36. Kh1 Rxe8 37. Qxe8 Qxf5 38. Qd8+ Qd7
(38... Ke6 39. Re1 $18) 39. Qb8+ Ke7 (39... Qc7 40. Qf8+ $18) (39... Kd5 40.
Qe5+ Kc4 41. Qc5+ Kd3 42. Rd1+ Ke4 43. Qe5#) 40. axb5 cxb5 (40... axb5 41. Re1
Qe6 42. Qc7+ Ke8 (42... Kf6 43. Qe5+ $18) 43. Ra1 $18) 41. Re1 Qe6 42. Qc7+ Ke8
43. Qa5 $18) 33. Bxc8 Rxc8 34. Rd3 $18 Re8 35. Rf3 Qg7 36. Qxg7+ Kxg7 37. Ra1
Kg6 38. axb5 axb5 39. Kf1 h5 40. g3 g4 41. hxg4 hxg4 42. Rd3 Kg5 43. Rc1 Rh8
44. Rdd1 1-0

[Event "Festival comtois 3rd"]
[Site "Belfort"]
[Date "1998.12.17"]
[Round "4"]
[White "Bologan, Viktor"]
[Black "Rozentalis, Eduardas"]
[Result "1-0"]
[WhiteElo "2585"]
[BlackElo "2575"]
[Annotator "Blatny,P"]
[PlyCount "69"]
[EventDate "1998.12.14"]
[EventType "tourn"]
[EventRounds "10"]
[EventCountry "FRA"]
[EventCategory "13"]
[SourceTitle "CBM 069"]
[Source "ChessBase"]
[SourceDate "1999.04.01"]
[SourceVersion "1"]
[SourceVersionDate "1999.04.01"]
[SourceQuality "1"]

1. e4 e5 2. Nf3 Nf6 3. Nxe5 d6 4. Nf3 Nxe4 5. d4 d5 6. Bd3 Be7 7. O-O Nc6 8. c4
Nf6 9. Nc3 O-O 10. h3 Nb4 11. Be2 dxc4 12. Bxc4 c6 13. a3 Nbd5 14. Re1 Be6 15.
Bd3 h6 16. Bd2 Re8 17. Rxe6 fxe6 18. Bg6 Rf8 19. Qe2 Nc7 20. Re1 Bd6 21. Bb1
Qe7 22. Ne5 Bxe5 23. dxe5 Nfd5 24. Nxd5 Nxd5 25. Qe4 g5 26. Qg6+ Qg7 27. Qxe6+
Kh8 28. h4 Nf4 29. Qc4 Rad8 30. Bc3 Nd5 31. hxg5 hxg5 32. Bd2 Nf4 33. Bb4 Qf7
$4 (33... Rfe8 34. e6 Rd4 $11) 34. e6 $18 Nxe6 35. Bxf8 1-0

[Event "Pula zt 1.2"]
[Site "Pula"]
[Date "2000.04.13"]
[Round "3"]
[White "Lutz, Christopher"]
[Black "Kutuzovic, Branko"]
[Result "1-0"]
[WhiteElo "2587"]
[BlackElo "2432"]
[Annotator "Blatny,P"]
[PlyCount "75"]
[EventDate "2000.04.11"]
[EventType "swiss"]
[EventRounds "11"]
[EventCountry "CRO"]
[SourceTitle "CBM 077"]
[Source "ChessBase"]
[SourceDate "2000.07.27"]
[SourceVersion "1"]
[SourceVersionDate "2000.07.27"]
[SourceQuality "1"]

1. e4 e5 2. Nf3 Nf6 3. Nxe5 d6 4. Nf3 Nxe4 5. d4 d5 6. Bd3 Be7 7. O-O Nc6 8. c4
Nb4 9. Be2 O-O 10. Nc3 Be6 11. Ne5 f6 12. Nf3 c5 13. Be3 Rc8 14. dxc5 Bxc5 15.
Bxc5 (15. Nd4 Nxc3 16. bxc3 Bxd4 17. Bxd4 Nc6 18. c5 Bf7 19. Re1 Re8 20. Bd3
Rxe1+ 21. Qxe1 Rc7 22. Qb1 h6 23. Qb3 Re7 24. h3 Qa5 25. Rd1 Kh8 26. Rb1 Bg8
27. Rd1 {1/2-1/2 Leko Peter-Anand Viswanathan/It (cat.18) Wijk aan Zee 
(Netherlands) 2000}) 15... Rxc5 (15... Nxc5 $2 16. a3 Nba6 17. cxd5 $18) 16.
Qb3 Nxc3 17. Qxc3 Nc6 $5 (17... Qb6 18. a3 Na6 19. b4 $36) (17... a5 $142 18.
a3 $132) 18. b4 $5 Rxc4 (18... d4 19. Qb2 Rxc4 20. Bxc4 Bxc4 21. Rfd1 $132) 19.
Bxc4 dxc4 20. b5 $14 Qa5 (20... Na5 21. Rfe1 Bf7 22. Rad1 $16) 21. Qe1 Qxe1 22.
Rfxe1 (22. Nxe1 Nd4 $15) 22... Nd8 23. Rac1 $16 Kf7 (23... Bd5 24. Nd2 $18) 24.
a4 Bd5 25. Red1 Bxf3 26. gxf3 Ke7 27. Rxc4 Ne6 28. Re4 f5 29. Re2 Rf6 30. a5
Rg6+ 31. Kh1 h5 (31... f4 32. Red2 Nc5 33. Rd4 $16) 32. h4 Rf6 33. a6 bxa6 34.
bxa6 Kf8 35. Rd5 Nf4 (35... Kg8 36. Ree5 Nc7 37. Rd7 Nxa6 38. Rxa7 $16) 36.
Rd8+ Kf7 37. Rd7+ Kg6 38. Ra2 (38. Ra2 Rf7 39. Rxf7 Kxf7 40. Rb2 $18) 1-0

[Event "Poikovsky Karpov 11th"]
[Site "Poikovsky"]
[Date "2010.06.13"]
[Round "11"]
[White "Bologan, Viktor"]
[Black "Motylev, Alexander"]
[Result "1-0"]
[WhiteElo "2668"]
[BlackElo "2704"]
[Annotator "Bologan,V"]
[PlyCount "137"]
[EventDate "2010.06.02"]
[EventType "tourn"]
[EventRounds "11"]
[EventCountry "RUS"]
[EventCategory "18"]
[SourceTitle "CBM 137"]
[Source "ChessBase"]
[SourceDate "2010.07.15"]
[SourceVersion "1"]
[SourceVersionDate "2010.07.15"]
[SourceQuality "1"]

1. e4 e5 2. Nf3 Nf6 3. Nxe5 d6 4. Nf3 Nxe4 5. d4 d5 6. Bd3 Be7 7. O-O Nc6 8.
Nc3 Nxc3 9. bxc3 Bg4 10. Re1 O-O 11. Bf4 Rb8 {one of the ideas beside
defending on b7 is also to prepare Bd6 after wich Bh7 is not good; see the
comments below.} (11... Bd6 12. Bxd6 Bxf3 (12... Qxd6 13. Bxh7+ Kxh7 14. Ng5+
Kg6 15. Qxg4 f5 16. Qh4 Rh8 17. Re6+ Qxe6 18. Qxh8 $1 {with the inclusion of
the moves Rb1 and Rb8 this line would simply not be possible.}) 13. Qxf3 Qxd6
14. h4 Rae8 15. h5 Nd8 (15... Re6 16. g3 Rfe8 17. Rxe6 Rxe6 18. Kg2 Ne7 19. a4
Rf6 20. Qg4 Qe6 21. Qxe6 Rxe6 22. a5 h6 23. f4 Nc8 24. c4 dxc4 25. Bxc4 Rd6 26.
Ra4 Kf8 27. Bd3 $14 {Ivanchuk V - Huzman A, 25th ECC}) 16. g3 c6 17. Kg2 Re6
18. Qf5 Rh6 19. Re5 g6 20. hxg6 hxg6 21. Qg5 Kg7 22. Qe7 Qf6 23. Qxf6+ Kxf6 24.
c4 dxc4 25. Bxc4 Rfh8 $11 {Zhigalko A - Fridman D, 25th ECC}) (11... Qd7 12.
Rb1 Bd6 13. Bxd6 cxd6 14. h3 Bh5 {Short N - Howell D, Chess Classic} 15. g4 $5
Bg6 16. Nh4 $14) (11... Bh5 12. Rb1 Rb8 13. Qe2 Bd6 14. Qe3 Qd7 15. Bxd6 (15.
Ne5 Bxe5 16. dxe5 Bg6 17. Bxg6 hxg6 {= Smeets J - Gelfand B, 19th Amber Rapid})
15... Qxd6 16. Nh4 Bg6 17. Nxg6 hxg6 18. h4 $14) 12. h3 Bh5 13. g4 (13. Re3 Bd6
14. Bxd6 Qxd6 15. Rb1 f5 {!} (15... f6 16. c4 dxc4 17. Bxc4+ Kh8 18. c3 Rfe8
19. Ng5 Bg6 20. Rxe8+ Rxe8 21. Nf7+ Bxf7 22. Bxf7 Rf8 23. Bc4 $16 {Svidler P -
Motylev A, 25th ECC}) 16. Qe2 Rf6 17. Re1 f4 18. Re6 Rxe6 19. Qxe6+ Qxe6 20.
Rxe6 Bxf3 21. gxf3 Kf7 $11 {Brkic Ante - Huzman Alexander, Plovdiv (Bulgaria)})
13... Bg6 14. Bxg6 hxg6 (14... fxg6 $5 {was another possibility, but perhaps
Motylev was not sure about the structure he could get.}) 15. Qd3 Re8 16. Rab1 (
16. c4 Nb4 17. Qb3 dxc4 18. Qxc4 b5 19. Qb3 Nd5 20. Bg3 a5 21. a4 b4 22. Re5 c6
23. Rae1 $14) 16... Qd7 (16... Bd6 17. Rxe8+ Qxe8 18. Bxd6 cxd6 19. Re1 Qd8 20.
Qb5 Ne7 21. Ng5 $16) 17. c4 dxc4 18. Qxc4 Bd6 19. Bd2 $1 {It's not time yet to
swap the bishops. After c4 the bishop on d6 will feel uncomfortable.} Rxe1+ 20.
Rxe1 Re8 21. Rxe8+ Qxe8 22. Ng5 $1 {Beside the pressure on f7 White also takes
control over the square e4.} Nd8 23. d5 c6 24. Qe4 $1 {The key move of the
game. It's very important for White to hold the advantage in the centre by
keeping the pawn on d5. Thanks to this tempo White is just in time to play c4.}
Qxe4 25. Nxe4 Bb8 $6 ({Much better was} 25... Ba3 26. c4 f6 {but after} 27. Kg2
Kf8 28. h4 Nf7 29. dxc6 bxc6 30. Bc3 {White is still somewhat better.}) 26. c4
cxd5 27. cxd5 f5 $6 {Creating too many weaknesses: f5, g7, e6.} ({It was
enough to make one on e6 by playing} 27... f6 28. f4 Nf7 29. Kf2 Nd6 30. Kf3
Nc4 31. Bc1 $14) 28. Ng5 Bd6 29. Kf1 b5 30. Ke2 a6 31. Kd3 $2 (31. Bc3 Nf7 32.
Ne6 $18 {in the conditions of the severe time trouble for Alexander the game
would end soon.}) 31... Nf7 $1 32. Nf3 (32. Nxf7 Kxf7 {During the game I was
not sure that it's an easy draw for Black, which actually helped me to win it.
But now I see that the defensive resources are huge and if no mistakes are the
game should end in a draw.}) 32... Ne5+ $1 {Exchanging the knight is Black's
salvation.} 33. Nxe5 Bxe5 34. Bb4 (34. Bc3 Bd6) 34... Kf7 35. Bc5 Bf6 36. Ke3
Be5 37. Bb4 Ke8 38. f3 Kd7 39. h4 Kc7 40. h5 {Played on the last move before
the time control. The only good news for me was, that I can't lose this
position.} gxh5 41. gxh5 Kd7 42. Kd3 Kc7 43. Bf8 Kd7 44. Kc2 Kc7 45. Kb3 Kd7
46. Bc5 Kc7 47. a4 {The only resource for White to try to go through with the
king.} bxa4+ 48. Kxa4 Bc3 49. Bf8 Kd7 50. Kb3 Bf6 51. Kc4 Be5 52. Bb4 Kc7 53.
Bd2 Kd6 54. Bc1 Kc7 55. Bd2 Kd6 56. Be1 Kc7 57. Ba5+ Kd7 58. Kc5 Bd6+ 59. Kd4
Ke7 60. Kc4 Kf6 61. Bd2 f4 $4 {The last few moves were played with seconds
left on the clocks, so it's understandable. Long tournament, long game, long
defence...} (61... g5 {would make an easy draw since the pawn endgame after
Bb4 is just a draw.} 62. Bc3+ Kf7 63. Kd3 Kg8 64. Bd2 g4 65. fxg4 fxg4 66. Ke4
g3 67. Kf3 Kg7 $11) 62. Bc3+ Kg5 63. Bxg7 Kxh5 64. Bd4 $18 Kh4 (64... Kg6 65.
Bc5) 65. Bc5 Bb8 66. Kd4 Kg5 67. d6 a5 68. Kd5 a4 69. Bb6 1-0

[Event "EU-ch 2nd"]
[Site "Ohrid"]
[Date "2001.06.10"]
[Round "9"]
[White "Bologan, Viktor"]
[Black "Huzman, Alexander"]
[Result "1-0"]
[WhiteElo "2684"]
[BlackElo "2578"]
[Annotator "Bologan,V"]
[PlyCount "93"]
[EventDate "2001.06.01"]
[EventType "swiss"]
[EventRounds "13"]
[EventCountry "YUG"]
[SourceTitle "CBM 084"]
[Source "ChessBase"]
[SourceDate "2001.09.13"]
[SourceVersion "1"]
[SourceVersionDate "2001.09.13"]
[SourceQuality "1"]

1. e4 e5 {It's not a big secret that Alexander is working with Boris Gelfand
for a long period of time and often they play the same openings. So for my
preparation I took into the consideration that Gelfand played succesfuly the
Petroff in his last game against Shirov in Astana.} 2. Nf3 Nf6 3. Nxe5 d6 4.
Nf3 Nxe4 5. d4 d5 6. Bd3 Be7 7. O-O Nc6 8. c4 Nb4 {With the new time control
the importance of the home preparation is even higher then before. In the
mentioned game Boris went for favourite Yussoupow's line with 8...Nf6. The
text came as a slight surprize for me, because Alexander doesn't too much
experience in the Petroff.} 9. Be2 O-O 10. a3 $5 {The old fashion line which
was introduce to me by Zigurds Lanka. Nowdays more popular is} (10. Nc3 {
which leads to two main lines 10...Bf5 and 10...Be6}) 10... Nc6 11. cxd5 Qxd5
12. Nc3 Nxc3 13. bxc3 Bf5 14. c4 Qd6 (14... Qe4 {was also possible}) 15. d5 $5
{Trying to get out my opponent from his preparation. The normal continuation
would be} (15. Be3 Bf6 16. Ra2 Rad8 17. d5 Ne5 18. Nd4 {but I was hoping that
at list in the side lines my opponent will start thinking.}) 15... Ne5 16. Nd4
Bd7 17. a4 c5 $5 {Novelty. The product of a deep thinking. Previously was
played} (17... Rfe8 18. Kh1 c5 19. Nb5 Bxb5 20. axb5 Bf6 21. Ra3 Ng6 22. f4 Bd4
23. Rh3 a6 24. bxa6 Rxa6 25. Bd3 Nf8 26. Qh5 h6 27. Rhf3 Nd7 28. Rg3 Nf6 29.
Qf3 Ra1 $17 {with the fool domination of Black pieces Gdanski J.(2512) -
Schandorff L.(2514) , Germany 2001 Bundesliga 2000/01 (36)}) (17... Qg6 $1 {
which makes sense. Beside the fact that the black queen is avoiding an
unpleasantt atack from a3 it also creates a new threat on the white king.} 18.
Kh1 (18. f4 Bh3 19. Bf3 Nxf3+ (19... Nd3 20. Be3 Bc5 21. Qd2) 20. Qxf3 Bc5 21.
Be3 Bd7 22. Nf5 Bxf5 23. Bxc5 Rfe8 $15) 18... Bc5 19. Bb2 Rfe8) 18. Nb3 {
Of course taking on c6 would lead to an slightly better ending for Black} (18.
dxc6 Nxc6 19. Nxc6 (19. Nb5 Qe5 20. Bf4 {!} Qxf4 21. Qxd7 Rab8 $15) 19... Bxc6
20. Qxd6 Bxd6 $15) 18... f5 $1 {Black already gave up in the center and on the
queenside. So his to fight back on the kingside. The simple development would
leave white pieces in the comfourtable position for attacking the queenside.} (
18... Bf6 19. Ra2 Rfe8 20. Be3 b6 21. a5 $14) 19. f4 Nf7 (19... Ng4 $5 {
This move has pluses and minuses. On g4 theknight is much more active and from
there he can always return to an comfourtable square f6, from another hand we
all know that the best blocker is the knight and it would better to have him
on d6.}) 20. Nd2 {At this point I didn't decide yet whether I will swap the
black square bishops or not and decided first to put my knight on f3. Later on
in the game I uderstood that the bishop exchange is inevitable so more presize
was} (20. Bb2 $5 Rfe8 21. Nd2 Bf6 22. Bxf6 Qxf6 23. Nf3 Re4 24. g3 Rae8 25. Bd3
Re3 26. Rb1 b6 27. Qc2 $14) 20... Bf6 21. Ra2 Rfe8 {Instead Khuzman considered
also} (21... g5 $5 {trying to create some counterplay on the kingside. My
intention during the game was simply to ignore it by} 22. Nb3 (22. fxg5 Nxg5
23. Nb3 (23. Bd3 Rae8 24. Bb2 b6 25. Bxf6 Qxf6) 23... Ne4 24. Bf4 Be5 25. Bxe5
Qxe5 26. Qd3 b6 27. Bf3 (27. a5 $6 b5 $1 28. cxb5 Rab8 29. Qe3 f4 (29... Bxb5
30. Nxc5) 30. Qf3 Ng5) 27... Nc3 28. Ra3 Nxa4 29. d6 Rae8 30. Qd5+ Kh8 31.
Qxe5+ Rxe5 32. Rfa1 a5 33. Rxa4 Bxa4 34. Rxa4 Rd8 35. Kf2 Rxd6 36. Ra2 $13)
22... g4 23. Qc2 Rfe8 24. Bd3 Nh6 25. a5 $14 {And the only sencible achievment
for black would be the gain of the important f3 square. Still I consider
white's perspectives as better.}) 22. Nf3 Re7 23. Bd3 Rae8 24. Qc2 g6 25. g3
Kg7 {Another structure could arise after} (25... a5 26. Bb2 b6 27. Rb1 Re3 28.
Kg2 Bxb2 29. Raxb2 Rb8 30. Kf2 Re7 (30... Bxa4 31. Qxa4 Rxd3 32. Re2 $16) 31.
h3 $14 {here I thought that black soonere or later will be not able to keep
both e5 square and b6 weakness.}) 26. a5 Bc8 27. Bd2 $6 ({The simple} 27. Bb2
$14 {would yield white the edge}) 27... b6 {Alexander is missing the only
opportunity in this game to start his real counterplay.} (27... Nh6 $1 28. h3 {
if not then I will have to suffer his knight on e3} g5 29. Kg2 (29. fxg5 $4
Qxg3+ 30. Kh1 Qxh3+ 31. Kg1 Qg3+ 32. Kh1 Re2 $19) 29... g4 30. hxg4 Nxg4) 28.
Rb1 Rb7 29. Bc3 Bd7 30. axb6 axb6 31. Ra6 $16 {Now it's easy white has got
everything he can wish - open files, active pieces, passed pawn, e5 square for
the knight....} Reb8 32. Qb2 Bxc3 33. Qxc3+ Qf6 34. Ne5 {the ending was also
possible} (34. Qxf6+ Kxf6 35. Kf2 Ke7 36. Re1+ Kd8 37. Ne5 $16) 34... Be8 (
34... Re8 {?} 35. Rbxb6 Rxb6 36. Rxb6 $18) 35. Qa1 Kg8 36. Re1 Nd6 37. Bf1 Qd8
38. Bg2 {Now white wants to prolongue the diagonal for the bishop by playing
Nc6 which together with the queene will create indefenceble threats to the
opponent king.} Re7 39. Rd1 Qc7 40. Bf3 $1 {Those timetroubles! With the new
time control it's very difficult to win even winning positions. What to say
about just better ones like in this game. Only forcing myself I decided to
adjourn the complications for the after 40 move thought.} (40. Nc6 Bxc6 41.
dxc6 Ne4 42. Ra8 Kf7 43. Rxb8 Qxb8 {and black is holding}) 40... Rb7 (40... b5
41. Nc6 Bxc6 42. Rxc6 Qd8 43. cxb5 $18) 41. Rb1 b5 {?} (41... Rb8 42. Qb2 Qc8
43. Rba1 Qc7 {would be still a game}) 42. Rc6 $1 $18 {Now it's all over,
finally the bishop reaches the king.} Bxc6 43. dxc6 Ra7 44. Qb2 Nxc4 {More
resistance would oppose} (44... b4 $5 45. Bd5+ Nf7 46. Nxf7 Rxf7 47. Re1 Qb8
48. Qf6 Qf8 49. Rd1 b3 50. Be6 $18) 45. Bd5+ Rf7 46. Nxc4 bxc4 47. Qf6 $1 1-0